00407nam a2200169Ia 4500008004100000020001800041050001400059100002400073245002900097245002500126260001500151260001600166260000900182300001600191300002000207300001000227170918s9999 xx 000 0 und d a9780545491471 bB924 2012 aBuckley, James, Jr. aJeremy Lin rising star / cby James Buckley Jr. aNew York : bScholastic, c2012 a122 pages : billustrations : c19cm.